Gdańsk - quiz wielokrotnego wyboru - Statystyki

Ogólne statystyki
  • Ten quiz został rozwiązany 1 729 razy
  • Średni wynik to 8 z 10
Statystyki odpowiedzi
Zagadnienie Odpowiedź % Poprawnych
Z jakimi miastami Gdańsk tworzy Trójmiasto? z Sopotem i Gdynią
96%
Jakie miejsce w Gdańsku jest znane ze strajków sierpniowych w 1980 r? Stocznia
94%
Jaka rzeka uchodzi do Morza Bałtyckiego w Gdańsku? Wisła
94%
Czego symbolem jest Westerplatte? Wybuchu II wojny światowej
94%
Czyim imieniem został nazwany jedyny międzynarodowy port lotniczy w mieście? Lecha Wałęsy
92%
Jak nazywał się prezydent Gdańska w latach 1998-2019, który zginął w wyniku zamachu? Paweł Adamowicz
92%
Jaki klub piłkarski z Gdańska dwukrotnie wygrał Puchar Polski oraz Superpuchar Polski? Lechia
90%
Jak nazywa się dzielnica, w której znajduje się najbardziej znane molo w Gdańsku? Brzeźno
58%
W wyniku jakiej wojny z Zakonem Krzyżackim Królestwo Polskie odzyskało Pomorze Gdańskie? Wojna trzynastoletnia
57%
Jak nazywa się państwo, do którego Gdańsk należał bezpośrednio po I rozbiorze Polski? Rzeczpospolita Obojga Narodów
18%
Nie znaleziono quizów pasujących do podanych kryteriów
Rozkład punktacji
Procent ludzi z każdym wynikiem
Percentyl według liczby udzielonych odpowiedzi
Twoja historia wyników
Nie rozwiązałeś tego quizu